000 00675nam a22002297a 4500
003 UA-OsUOA
001 118208
007 ta
008 20160726b un ||||| |||| 00| 0 ukr d
100 _aГординський С.
090 _a811.161.2'373.2
_bГ68
942 _cBK
040 _aUA-OsUOA
_bukr
_cUA-OsUOA
_dUA-OsUOA
245 _aНазви "Русичі" й "Русовичі"
300 _a15 с.
955 _a1
041 _aukr
080 _a811.161.2'373.2
260 _aВінніпег
_bУВАН
_c1963
650 7 _a8 Мовознавство. Художня література. Літературознавство
_2UDC
999 _c404261
_d404261